[Event "SVK-chT 2324"]
[Site "Slovakia"]
[Date "2024.05.05"]
[Round "11.5"]
[White "Hros, Roman"]
[Black "Varga, Zoltan"]
[Result "1/2-1/2"]
[WhiteElo "2308"]
[BlackElo "2366"]
[PlyCount "66"]
[EventDate "2023.11.04"]
[EventType "team-tourn"]
[EventRounds "11"]
[EventCountry "SVK"]
[SourceTitle "CB19_2024"]
[SourceDate "2024.05.08"]
[SourceVersion "1"]
[SourceVersionDate "2024.05.08"]
[SourceQuality "1"]
[WhiteTeam "Liptov Chess School"]
[BlackTeam "Dunajska Streda"]
[WhiteTeamCountry "SVK"]
[BlackTeamCountry "SVK"]

1. e4 d6 2. d4 Nf6 3. Nc3 Nbd7 4. Nf3 e5 5. Be2 c6 6. 0-0 b5 7. a3 Bb7 8. Bg5 a6 9. Re1 h6 10. Bh4 g5 11. Bg3 Nh5 12. Qd2 Nxg3 13. hxg3 Qf6 14. Nd1 g4 15. dxe5 dxe5 16. Nh4 h5 17. b4 Rd8 18. c3 c5 19. Qc2 Rc8 20. Qb1 Bh6 21. Nf5 Bd2 22. Rf1 cxb4 23. axb4 Nb6 24. Ra2 Bg5 25. f4 gxf3 26. Rxf3 0-0 27. Nf2 Rfd8 28. Nh4 Qe6 29. Kh2 Na4 30. Rc2 Bd2 31. c4 Nb6 32. cxb5 axb5 33. Rxc8 Nxc8 1/2-1/2

[Event "SVK-chT 2324"]
[Site "Slovakia"]
[Date "2024.05.04"]
[Round "10.5"]
[White "Zetocha, Claudiu"]
[Black "Hros, Roman"]
[Result "1/2-1/2"]
[WhiteElo "2268"]
[BlackElo "2308"]
[PlyCount "58"]
[EventDate "2023.11.04"]
[EventType "team-tourn"]
[EventRounds "11"]
[EventCountry "SVK"]
[SourceTitle "CB19_2024"]
[SourceDate "2024.05.08"]
[SourceVersion "1"]
[SourceVersionDate "2024.05.08"]
[SourceQuality "1"]
[WhiteTeam "Bratislava Slovan"]
[BlackTeam "Liptov Chess School"]
[WhiteTeamCountry "SVK"]
[BlackTeamCountry "SVK"]

1. e4 c5 2. Nf3 e6 3. c3 Nf6 4. e5 Nd5 5. d4 cxd4 6. cxd4 d6 7. Bc4 Be7 8. 0-0 0-0 9. Qe2 b6 10. Rd1 Bb7 11. Bxd5 Bxd5 12. Nc3 Bxf3 13. Qxf3 d5 14. Qg4 f5 15. exf6 Rxf6 16. Ne2 Nd7 17. Bf4 Rc8 18. Rac1 Nf8 19. g3 Rf7 20. a3 Rc4 21. Rxc4 dxc4 22. Nc3 Bf6 23. Qe2 Bxd4 24. Qxc4 Rd7 25. Re1 Bxc3 26. Qxc3 Rd1 27. Be5 Ng6 28. Qe3 Nxe5 29. Qxe5 Rxe1+ 1/2-1/2

[Event "Titled Tuesday intern op 13th Feb Early"]
[Site "Chess.com INT"]
[Date "2024.02.13"]
[Round "4"]
[White "Hros, Roman"]
[Black "Ozkan, Ervin"]
[Result "0-1"]
[WhiteElo "2310"]
[BlackElo "2147"]
[PlyCount "88"]
[EventDate "2024.02.13"]
[EventType "swiss (blitz)"]
[EventRounds "11"]
[EventCountry "USA"]
[SourceTitle "CB08_2024"]
[SourceDate "2024.02.21"]
[SourceVersion "1"]
[SourceVersionDate "2024.02.21"]
[SourceQuality "1"]

1. e4 e5 2. Nf3 Nf6 3. Nc3 Nc6 4. Bb5 Nd4 5. 0-0 Nxb5 6. Nxb5 d6 7. d4 exd4 8. Re1 Be7 9. Qxd4 0-0 10. Bg5 Bg4 11. Nh4 h6 12. Bd2 Nd7 13. Nf5 Bxf5 14. exf5 Bf6 15. Qg4 Kh7 16. c3 Ne5 17. Qh3 Qd7 18. Nd4 Rfe8 19. g4 Nc4 20. Bf4 Kg8 21. b3 Nb6 22. Bd2 Rxe1+ 23. Rxe1 Re8 24. Qf3 Rxe1+ 25. Bxe1 Bxd4 26. cxd4 Qc6 27. Qxc6 bxc6 28. Bd2 Nd5 29. Kg2 f6 30. Kf3 Kf7 31. Ke4 a6 32. Kd3 Ke7 33. Kc4 Kd7 34. a4 Nb6+ 35. Kd3 Ke7 36. Ba5 Nd5 37. Bd2 Ke8 38. Kc4 Kd7 39. h3 Ne7 40. Kb4 Kc8 41. Ka5 Kb7 42. h4 c5 43. dxc5 dxc5 44. b4 Nc6# 0-1

[Event "SVK-chT1E 2223"]
[Site "Slovakia"]
[Date "2023.03.11"]
[Round "10.4"]
[White "Hros, Roman"]
[Black "Panko, Eduard1111"]
[Result "1-0"]
[WhiteElo "2257"]
[BlackElo "2038"]
[PlyCount "113"]
[EventDate "2022.10.15"]
[EventType "team-tourn"]
[EventRounds "11"]
[EventCountry "SVK"]
[SourceTitle "EXT 2024"]
[Source "ChessBase"]
[SourceDate "2023.10.10"]
[SourceVersion "1"]
[SourceVersionDate "2023.10.10"]
[SourceQuality "1"]
[WhiteTeam "Liptov Chess School II"]
[BlackTeam "Michalovce Zemplin"]
[WhiteTeamCountry "SVK"]
[BlackTeamCountry "SVK"]

1. e4 Nf6 2. e5 Nd5 3. d4 d6 4. c4 Nb6 5. exd6 cxd6 6. Nc3 g6 7. Nf3 Bg7 8. Be2 0-0 9. 0-0 Bg4 10. Be3 Nc6 11. b3 d5 12. c5 Nc8 13. Rc1 e6 14. Ne1 Bxe2 15. Nxe2 N8e7 16. Qd2 Nf5 17. b4 a6 18. Nf3 Re8 19. Rfd1 Nxe3 20. Qxe3 Nxb4 21. Rb1 Nc6 22. Rxb7 Na5 23. Rbb1 Nc4 24. Qf4 Qf6 25. Qg3 Qe7 26. h4 e5 27. c6 Qd6 28. dxe5 Qxc6 29. Nfd4 Qd7 30. f4 Rab8 31. h5 Rxb1 32. Rxb1 Nd2 33. Rb4 Qe7 34. Rb2 Nc4 35. Rb1 Nd2 36. Rc1 Qb7 37. hxg6 hxg6 38. Qd3 Nc4 39. Rb1 Qa7 40. Kh1 Qe7 41. Nf3 Qc5 42. Ned4 Bh6 43. g3 Bg7 44. Kg2 Qa5 45. Rb7 Qxa2+ 46. Kh3 Qa3 47. Qb1 Na5 48. Rc7 Re7 49. Rc8+ Bf8 50. Ng5 Rb7 51. Qh1 Qd3 52. Kg4 f5+ 53. exf6 Qa3 54. Qxd5+ Kh8 55. Qxa5 Qf3+ 56. Ndxf3 Rb8 57. Rxb8 1-0

[Event "SVK-chT1E 2223"]
[Site "Slovakia"]
[Date "2023.02.04"]
[Round "8.5"]
[White "Hros, Roman"]
[Black "Sibrava, Patrik"]
[Result "1-0"]
[WhiteElo "2257"]
[BlackElo "1812"]
[PlyCount "63"]
[EventDate "2022.10.15"]
[EventType "team-tourn"]
[EventRounds "11"]
[EventCountry "SVK"]
[SourceTitle "EXT 2024"]
[Source "ChessBase"]
[SourceDate "2023.10.10"]
[SourceVersion "1"]
[SourceVersionDate "2023.10.10"]
[SourceQuality "1"]
[WhiteTeam "Liptov Chess School II"]
[BlackTeam "Dunajov Martin II"]
[WhiteTeamCountry "SVK"]
[BlackTeamCountry "SVK"]

1. e4 c5 2. Nc3 d6 3. f4 Nc6 4. Nf3 Bg4 5. Bb5 Nf6 6. h3 Bd7 7. 0-0 Qb6 8. d3 0-0-0 9. a4 a6 10. Bc4 e6 11. f5 exf5 12. exf5 Ne5 13. Nxe5 dxe5 14. Bxf7 c4+ 15. Kh1 cxd3 16. cxd3 Bc5 17. Bg5 Bc6 18. Qe2 Qc7 19. Be6+ Kb8 20. Rfc1 Qd6 21. Ne4 Nxe4 22. dxe4 Rdf8 23. Rc4 h6 24. Bh4 Rh7 25. Rd1 Bd4 26. Bg3 Qe7 27. Rdxd4 Ka8 28. Rxc6 Qf6 29. Rd7 h5 30. Rxb7 Kxb7 31. Qxa6+ Kb8 32. Qb5+ 1-0

[Event "SVK-chT1E 2223"]
[Site "Slovakia"]
[Date "2022.11.05"]
[Round "3.4"]
[White "Hros, Roman"]
[Black "Matejov, Jaroslav"]
[Result "1-0"]
[WhiteElo "2257"]
[BlackElo "1935"]
[PlyCount "91"]
[EventDate "2022.10.15"]
[EventType "team-tourn"]
[EventRounds "11"]
[EventCountry "SVK"]
[SourceTitle "EXT 2024"]
[Source "ChessBase"]
[SourceDate "2023.10.10"]
[SourceVersion "1"]
[SourceVersionDate "2023.10.10"]
[SourceQuality "1"]
[WhiteTeam "Liptov Chess School II"]
[BlackTeam "Zilina Mladost II"]
[WhiteTeamCountry "SVK"]
[BlackTeamCountry "SVK"]

1. e4 Nf6 2. e5 Nd5 3. d4 d6 4. c4 Nb6 5. exd6 cxd6 6. a4 a5 7. Nc3 g6 8. Nf3 Bg7 9. h3 0-0 10. Be2 Nc6 11. 0-0 Bf5 12. Be3 Nb4 13. Rc1 d5 14. b3 Rc8 15. c5 Nd7 16. g4 Be6 17. Qd2 Nb8 18. Bh6 N8c6 19. Rfd1 Qd7 20. Bf1 Rfe8 21. Bxg7 Kxg7 22. Ne2 f6 23. Rc3 Bf7 24. g5 Be6 25. Nf4 Bf5 26. h4 Be4 27. Bh3 Bf5 28. Bg2 Bg4 29. Re1 Bxf3 30. Bxf3 f5 31. Rce3 e5 32. dxe5 d4 33. h5 Qe7 34. R3e2 Rcd8 35. e6 gxh5 36. Kh1 h6 37. Nxh5+ Kh8 38. Nf6 Rf8 39. Bxc6 bxc6 40. f4 Kg7 41. Nd7 hxg5 42. Qxd4+ Kg6 43. Nxf8+ Rxf8 44. fxg5 Nd5 45. Rh2 Rg8 46. Rh6+ 1-0

[Event "SVK-chT2C 2223"]
[Site "Slovakia"]
[Date "2022.10.09"]
[Round "2.2"]
[White "Stehlik, Peter"]
[Black "Hros, Roman"]
[Result "0-1"]
[WhiteElo "2019"]
[BlackElo "2246"]
[PlyCount "76"]
[EventDate "2022.10.08"]
[EventType "team-tourn"]
[EventRounds "11"]
[EventCountry "SVK"]
[SourceTitle "CBM 210 Extra"]
[Source "ChessBase"]
[SourceDate "2022.11.30"]
[SourceVersion "1"]
[SourceVersionDate "2022.11.30"]
[SourceQuality "1"]
[WhiteTeam "Detva"]
[BlackTeam "Liptov Chess School III"]
[WhiteTeamCountry "SVK"]
[BlackTeamCountry "SVK"]

1. e4 c5 2. Nf3 e6 3. c4 Nc6 4. Nc3 g5 5. h3 Bg7 6. Bd3 h6 7. Qe2 d6 8. b3 Nge7 9. Bb2 a6 10. 0-0 Ng6 11. g3 h5 12. Kg2 g4 13. Ng1 Nge5 14. Nd1 h4 15. hxg4 hxg3 16. fxg3 Qg5 17. Nh3 Qh6 18. Ndf2 Bd7 19. Bc3 0-0-0 20. Rh1 Nd4 21. Bxd4 cxd4 22. Rac1 Kb8 23. Nf4 Qg5 24. Rxh8 Rxh8 25. c5 dxc5 26. Rxc5 Qh6 27. Nh5 Bc6 28. Bxa6 f5 29. Rxc6 Nxc6 30. exf5 exf5 31. Nxg7 Qxg7 32. Qe6 fxg4 33. Bb5 Qe5 34. Qc4 Na5 35. Qb4 Qd5+ 36. Kf1 Qf3 37. Qd6+ Ka8 38. Qxd4 Rh1# 0-1

[Event "SVK-chT1E 2122"]
[Site "Slovakia"]
[Date "2022.02.13"]
[Round "3.2"]
[White "Sedlacek, Pavol"]
[Black "Hros, Roman"]
[Result "0-1"]
[WhiteElo "2218"]
[BlackElo "2244"]
[PlyCount "114"]
[EventDate "2022.01.29"]
[EventType "team-tourn"]
[EventRounds "11"]
[EventCountry "SVK"]
[SourceTitle "EXT 2023"]
[Source "ChessBase"]
[SourceDate "2022.10.05"]
[SourceVersion "1"]
[SourceVersionDate "2022.10.05"]
[SourceQuality "1"]
[WhiteTeam "Cadca"]
[BlackTeam "Liptov Chess School II"]
[WhiteTeamCountry "SVK"]
[BlackTeamCountry "SVK"]

1. d4 Nf6 2. Bf4 d5 3. Nf3 e6 4. e3 Be7 5. Nbd2 0-0 6. Bd3 Nbd7 7. 0-0 b6 8. Ne5 Bb7 9. Qf3 Rc8 10. Qh3 Ne4 11. Ndf3 f5 12. Nxd7 Qxd7 13. Ne5 Qe8 14. f3 Nd6 15. Qg3 Bc6 16. a4 Bf6 17. b3 Bxe5 18. Bxe5 Qe7 19. Kh1 a5 20. c4 dxc4 21. bxc4 g6 22. Rfc1 Nf7 23. c5 Qd7 24. Bc2 bxc5 25. dxc5 Nxe5 26. Qxe5 Rfe8 27. Qc3 Ra8 28. Rd1 Qg7 29. Qe1 Qe5 30. Rdc1 Reb8 31. Bd3 Rb2 32. Bc4 Bxf3 33. Bf1 Bc6 34. Rc4 Rab8 35. Rac1 R8b4 36. Rxb4 Rxb4 37. Qd2 Qd5 38. Qc3 Rxa4 39. Qf6 Rb4 40. Qe7 Rg4 41. e4 Qd7 42. Qf6 Rxe4 43. Rb1 Rb4 44. Re1 Be4 45. c6 Qd6 46. Qa1 a4 47. Rd1 Bd5 48. Qf6 a3 49. Rxd5 Qxd5 50. Qe7 Rb8 51. Qxc7 Rb1 52. Qc8+ Kg7 53. Qa6 Qxc6 54. Qa7+ Kh6 55. Qe3+ g5 56. h4 Rxf1+ 57. Kh2 Qc7+ 0-1

[Event "SVK-chT1E 2122"]
[Site "Slovakia"]
[Date "2022.01.30"]
[Round "2.2"]
[White "Hros, Roman"]
[Black "Sepesi, Samuel"]
[Result "1-0"]
[WhiteElo "2244"]
[BlackElo "2136"]
[PlyCount "107"]
[EventDate "2022.01.29"]
[EventType "team-tourn"]
[EventRounds "11"]
[EventCountry "SVK"]
[SourceTitle "EXT 2023"]
[Source "ChessBase"]
[SourceDate "2022.10.05"]
[SourceVersion "1"]
[SourceVersionDate "2022.10.05"]
[SourceQuality "1"]
[WhiteTeam "Liptov Chess School II"]
[BlackTeam "Humenne Reinter II"]
[WhiteTeamCountry "SVK"]
[BlackTeamCountry "SVK"]

1. e4 c5 2. Be2 Nc6 3. f4 g6 4. Nf3 Bg7 5. c3 Nf6 6. d3 d6 7. 0-0 c4 8. Nbd2 cxd3 9. Bxd3 0-0 10. Qe1 b5 11. Kh1 b4 12. Bb5 bxc3 13. Bxc6 cxd2 14. Bxd2 Rb8 15. Ba5 Rb6 16. Rc1 Ba6 17. Rf2 Qb8 18. Bxb6 Qxb6 19. e5 Ng4 20. Rfc2 Bh6 21. Qh4 Bxf4 22. Qxg4 Bxc1 23. Rxc1 Rc8 24. exd6 Rxc6 25. Rxc6 Qxc6 26. dxe7 Bb5 27. Qb4 a6 28. h4 Qc1+ 29. Kh2 Qc7+ 30. Kg1 Qc1+ 31. Kf2 Qc2+ 32. Qd2 Qxd2+ 33. Nxd2 f5 34. Ke3 Kf7 35. Kf4 Kxe7 36. Ke5 Be2 37. Nb3 Bc4 38. Nc5 Bxa2 39. Nxa6 Bc4 40. Nb4 Bf1 41. g3 h6 42. Nd5+ Kf7 43. b4 Bd3 44. Nf4 Bf1 45. Ne6 g5 46. hxg5 hxg5 47. Nxg5+ Kg6 48. Ne6 Ba6 49. Kf4 Kf6 50. Nd4 Bc8 51. b5 Bd7 52. b6 Bc8 53. Nc6 Ke6 54. b7 1-0

[Event "SVK-chT 2122"]
[Site "Slovakia"]
[Date "2021.10.23"]
[Round "1.6"]
[White "Teglas, Balazs"]
[Black "Hros, Roman"]
[Result "1-0"]
[WhiteElo "2167"]
[BlackElo "2236"]
[PlyCount "65"]
[EventDate "2021.10.23"]
[EventType "team-tourn"]
[EventRounds "11"]
[EventCountry "SVK"]
[SourceTitle "CBM 204 Extra"]
[Source "ChessBase"]
[SourceDate "2021.11.30"]
[SourceVersion "1"]
[SourceVersionDate "2021.11.30"]
[SourceQuality "1"]
[WhiteTeam "Cebovce"]
[BlackTeam "Liptov Chess School"]
[WhiteTeamCountry "SVK"]
[BlackTeamCountry "SVK"]

1. Nf3 c5 2. c4 Nc6 3. Nc3 g6 4. g3 Bg7 5. Bg2 e5 6. 0-0 Nge7 7. Ne1 0-0 8. Nc2 f5 9. a3 d6 10. Rb1 Be6 11. Nd5 Rb8 12. b4 e4 13. Nce3 cxb4 14. axb4 b5 15. d3 bxc4 16. dxc4 Ne5 17. Bb2 Nxc4 18. Bxg7 Nxe3 19. Bxf8 Nxd1 20. Bxe7 Qc8 21. Rfxd1 Rb7 22. Bxd6 Bxd5 23. Rxd5 Qc4 24. Rbd1 e3 25. R5d3 Rb5 26. fxe3 a5 27. bxa5 Rxa5 28. Bd5+ Rxd5 29. Rxd5 Qxe2 30. Bf4 g5 31. Bxg5 Kf7 32. Rd6 h5 33. Rc1 1-0

[Event "SVK Club Cup"]
[Site "Kremnica"]
[Date "2021.09.18"]
[Round "5.3"]
[White "Hros, Roman"]
[Black "Krivan, Gregor"]
[Result "1-0"]
[WhiteElo "2221"]
[BlackElo "1472"]
[PlyCount "35"]
[EventDate "2021.09.15"]
[EventType "team-tourn"]
[EventRounds "7"]
[EventCountry "SVK"]
[SourceTitle "CBM 204 Extra"]
[Source "ChessBase"]
[SourceDate "2021.11.30"]
[SourceVersion "1"]
[SourceVersionDate "2021.11.30"]
[SourceQuality "1"]
[WhiteTeam "Liptov Chess School"]
[BlackTeam "Modra III"]
[WhiteTeamCountry "SVK"]
[BlackTeamCountry "SVK"]

1. e4 c5 2. Be2 Nc6 3. f4 d5 4. d3 e6 5. Nf3 b5 6. 0-0 g6 7. Qe1 Nge7 8. Qc3 Nd4 9. Nxd4 cxd4 10. Qxd4 Qb6 11. Qxb6 axb6 12. Nc3 Bd7 13. exd5 b4 14. dxe6 bxc3 15. exd7+ Kxd7 16. bxc3 Bg7 17. d4 Rhb8 18. Bb5+ 1-0

[Event "Slovak Hybrid Teams"]
[Site "Tornelo INT"]
[Date "2021.05.15"]
[Round "4.1"]
[White "Verbovsky, Michal"]
[Black "Hros, Roman"]
[Result "1/2-1/2"]
[WhiteElo "2067"]
[BlackElo "2221"]
[PlyCount "94"]
[EventDate "2021.05.13"]
[EventType "team-tourn"]
[EventRounds "5"]
[EventCountry "SVK"]
[SourceTitle "CBM 202 Extra"]
[Source "ChessBase"]
[SourceDate "2021.07.31"]
[SourceVersion "1"]
[SourceVersionDate "2021.07.31"]
[SourceQuality "1"]
[WhiteTeam "Presov Region CF"]
[BlackTeam "Zilina Region CF"]
[WhiteTeamCountry "SVK"]
[BlackTeamCountry "SVK"]

1. e4 c5 2. Nf3 e6 3. d4 cxd4 4. Nxd4 Nc6 5. Nc3 Qc7 6. Ndb5 Qb8 7. a4 Nf6 8. g3 h5 9. Bf4 Ne5 10. Be2 d6 11. Qd4 a6 12. Rd1 Bd7 13. Nxd6+ Bxd6 14. Qxd6 Qxd6 15. Rxd6 Ng6 16. Be3 Bc6 17. f3 Nd7 18. Kf2 Nge5 19. Rhd1 Rc8 20. b3 Ke7 21. Na2 Bd5 22. Rxd7+ Nxd7 23. exd5 Rxc2 24. d6+ Kd8 25. Rd2 Rxd2 26. Bxd2 Nc5 27. Be3 Nd7 28. b4 Kc8 29. b5 axb5 30. Bxb5 Nb8 31. Nb4 Rd8 32. Bc5 Nd7 33. Bd4 f6 34. a5 e5 35. Bxd7+ Kxd7 36. Bb6 Re8 37. Bc7 e4 38. Nd5 Re5 39. Nb6+ Kc6 40. Nc4 Rf5 41. f4 Rc5 42. Ne3 Rb5 43. g4 Rb2+ 44. Kg3 Rb3 45. Kf2 Rb2+ 46. Kg1 Rb1+ 47. Kf2 Rb2+ 1/2-1/2

[Event "SVK-chT 1920"]
[Site "Slovakia"]
[Date "2020.09.06"]
[Round "11.8"]
[White "Hros, Roman"]
[Black "Bombek, Peter"]
[Result "1/2-1/2"]
[WhiteElo "2196"]
[BlackElo "2151"]
[PlyCount "37"]
[EventDate "2019.10.19"]
[EventType "team-tourn"]
[EventRounds "11"]
[EventCountry "SVK"]
[SourceTitle "EXT 2021"]
[Source "ChessBase"]
[SourceDate "2020.10.23"]
[SourceVersion "1"]
[SourceVersionDate "2020.10.23"]
[SourceQuality "1"]
[WhiteTeam "Liptov Chess School"]
[BlackTeam "Dubnica nad Vahom"]
[WhiteTeamCountry "SVK"]
[BlackTeamCountry "SVK"]

1. c4 c6 2. e4 d5 3. cxd5 cxd5 4. exd5 Qxd5 5. Nc3 Qd8 6. Nf3 Nf6 7. d4 e6 8. Bd3 Be7 9. 0-0 0-0 10. Re1 Nc6 11. a3 b6 12. Bb1 Bb7 13. Qd3 Qd7 14. Bg5 g6 15. Ba2 Rad8 16. Rad1 Nh5 17. Bh6 Rfe8 18. d5 exd5 19. Bxd5 1/2-1/2

[Event "Drienica Saris op"]
[Site "Drienica"]
[Date "2020.08.10"]
[Round "4"]
[White "Hros, Roman"]
[Black "Durica, Andrej"]
[Result "1-0"]
[WhiteElo "2203"]
[BlackElo "1911"]
[PlyCount "25"]
[EventDate "2020.08.07"]
[EventType "swiss"]
[EventRounds "9"]
[EventCountry "SVK"]
[SourceTitle "CBM 197 Extra"]
[Source "ChessBase"]
[SourceDate "2020.09.30"]
[SourceVersion "1"]
[SourceVersionDate "2020.09.30"]
[SourceQuality "1"]

1. e4 e5 2. Nc3 f5 3. exf5 Nf6 4. g4 Bc5 5. g5 0-0 6. gxf6 Qxf6 7. Qf3 c6 8. Ne4 Qe7 9. Bh3 Bb6 10. Ne2 d5 11. f6 gxf6 12. Bxc8 Rxc8 13. Qg4+ 1-0

[Event "SVK-ch rapid"]
[Site "Topolcany"]
[Date "2020.07.11"]
[Round "7"]
[White "Brida, Lukas"]
[Black "Hros, Roman"]
[Result "0-1"]
[WhiteElo "1819"]
[BlackElo "2033"]
[PlyCount "84"]
[EventDate "2020.07.11"]
[EventType "swiss (rapid)"]
[EventRounds "9"]
[EventCountry "SVK"]
[SourceTitle "CBM 197 Extra"]
[Source "ChessBase"]
[SourceDate "2020.09.30"]
[SourceVersion "1"]
[SourceVersionDate "2020.09.30"]
[SourceQuality "1"]

1. d4 Nf6 2. Nf3 e6 3. g3 c5 4. Bg2 Be7 5. 0-0 0-0 6. c4 cxd4 7. Nxd4 Qc7 8. b3 a6 9. Bb2 d6 10. Nc3 Bd7 11. Rc1 Nc6 12. Nd5 Qb8 13. Nxe7+ Nxe7 14. Qd2 Rd8 15. Rfd1 Ne8 16. e4 Nc6 17. Ne2 b5 18. e5 dxe5 19. c5 b4 20. Qe3 Qc7 21. g4 Nf6 22. g5 Nd5 23. Qg3 Be8 24. h4 Nf4 25. Nxf4 exf4 26. Qg4 Rxd1+ 27. Rxd1 Rd8 28. Rxd8 Nxd8 29. Qd1 Nc6 30. Bxc6 Qxc6 31. Qd4 e5 32. Qxe5 f6 33. gxf6 gxf6 34. Qxf4 Kf7 35. Qc4+ Qe6 36. Qxe6+ Kxe6 37. Bd4 Kd5 38. Be3 Bg6 39. Kf1 Bb1 40. Ke2 Bxa2 41. Kd3 Bxb3 42. Bd4 f5 0-1

[Event "SVK-ch Amateur"]
[Site "Topolcany"]
[Date "2020.07.11"]
[Round "3"]
[White "Hros, Roman"]
[Black "Ihnat, Marek1111"]
[Result "1-0"]
[WhiteElo "2199"]
[BlackElo "2065"]
[PlyCount "35"]
[EventDate "2020.07.10"]
[EventType "swiss"]
[EventRounds "7"]
[EventCountry "SVK"]
[SourceTitle "EXT 2021"]
[Source "ChessBase"]
[SourceDate "2020.10.23"]
[SourceVersion "1"]
[SourceVersionDate "2020.10.23"]
[SourceQuality "1"]

1. e4 c5 2. Nc3 Nc6 3. Bb5 e6 4. Bxc6 bxc6 5. d3 g6 6. f4 Ne7 7. Nf3 Bg7 8. 0-0 Rb8 9. Qe1 0-0 10. b3 d6 11. Rb1 f5 12. Bd2 Qc7 13. e5 d5 14. Na4 c4 15. Ba5 Qd7 16. Nc5 Qe8 17. bxc4 Rxb1 18. Qxb1 1-0

[Event "SVK-ch rapid"]
[Site "Topolcany"]
[Date "2020.07.11"]
[Round "3"]
[White "Matejovic, Juraj"]
[Black "Hros, Roman"]
[Result "1-0"]
[WhiteElo "2190"]
[BlackElo "2033"]
[PlyCount "105"]
[EventDate "2020.07.11"]
[EventType "swiss (rapid)"]
[EventRounds "9"]
[EventCountry "SVK"]
[SourceTitle "CBM 197 Extra"]
[Source "ChessBase"]
[SourceDate "2020.09.30"]
[SourceVersion "1"]
[SourceVersionDate "2020.09.30"]
[SourceQuality "1"]

1. e4 c5 2. Nf3 e6 3. d4 cxd4 4. Nxd4 Nc6 5. Nc3 Qc7 6. Be2 Nf6 7. 0-0 a6 8. Be3 Bb4 9. Na4 Be7 10. Nxc6 bxc6 11. Nb6 Rb8 12. Nxc8 Qxc8 13. Bd4 0-0 14. e5 Ne8 15. c4 d6 16. exd6 Nxd6 17. Qc2 Nf5 18. Be5 Bd6 19. Bxd6 Nxd6 20. c5 Nb5 21. Rfd1 Rd8 22. Bxb5 Rxb5 23. Rxd8+ Qxd8 24. Rd1 Qf6 25. b3 g6 26. g3 Qe5 27. Rc1 h5 28. h4 Qd5 29. Qc4 a5 30. Qxd5 exd5 31. Kf1 Kf8 32. Ke2 Ke7 33. Kd3 Kd7 34. Rc3 Rb4 35. a3 Re4 36. Rc2 f5 37. Rb2 f4 38. b4 axb4 39. Rxb4 fxg3 40. fxg3 Rxb4 41. axb4 Kc7 42. Kd4 Kb7 43. b5 cxb5 44. Kxd5 Kc7 45. Ke4 Kc6 46. Kd4 Kc7 47. Kc3 Kb7 48. Kb3 Kc6 49. Kb4 Kc7 50. Kxb5 Kb7 51. Kc4 Kc6 52. Kd4 Kc7 53. Ke4 1-0

[Event "SVK-ch Amateur"]
[Site "Topolcany"]
[Date "2020.07.10"]
[Round "2"]
[White "Tropp, Frantisek"]
[Black "Hros, Roman"]
[Result "1/2-1/2"]
[WhiteElo "2040"]
[BlackElo "2199"]
[PlyCount "31"]
[EventDate "2020.07.10"]
[EventType "swiss"]
[EventRounds "7"]
[EventCountry "SVK"]
[SourceTitle "EXT 2021"]
[Source "ChessBase"]
[SourceDate "2020.10.23"]
[SourceVersion "1"]
[SourceVersionDate "2020.10.23"]
[SourceQuality "1"]

1. e4 c5 2. c3 Nf6 3. Bd3 Nc6 4. Nf3 d6 5. h3 e5 6. Bc2 Be7 7. 0-0 0-0 8. d4 Qc7 9. d5 Nb8 10. a4 Ne8 11. Nh2 f5 12. f4 fxe4 13. fxe5 Rxf1+ 14. Nxf1 dxe5 15. Bxe4 Nf6 16. Bc2 1/2-1/2

[Event "SVK-chT1E 1920"]
[Site "Slovakia"]
[Date "2020.06.20"]
[Round "10.2"]
[White "Haring, Viktor"]
[Black "Hros, Roman"]
[Result "1/2-1/2"]
[WhiteElo "2285"]
[BlackElo "2199"]
[PlyCount "30"]
[EventDate "2019.10.12"]
[EventType "team-tourn"]
[EventRounds "11"]
[EventCountry "SVK"]
[SourceTitle "EXT 2022"]
[Source "ChessBase"]
[SourceDate "2021.10.06"]
[SourceVersion "1"]
[SourceVersionDate "2021.10.06"]
[SourceQuality "1"]
[WhiteTeam "Banska Bystrica Junior"]
[BlackTeam "Liptov Chess School II"]
[WhiteTeamCountry "SVK"]
[BlackTeamCountry "SVK"]

1. e4 c5 2. Nf3 Nc6 3. d4 cxd4 4. Nxd4 Nf6 5. Nc3 g6 6. Be3 Bg7 7. Bc4 0-0 8. Bb3 d6 9. h3 Bd7 10. 0-0 Nxd4 11. Bxd4 Bc6 12. Re1 Nd7 13. Bxg7 Kxg7 14. Qd4+ Kg8 15. a4 Qa5 1/2-1/2